A Trial management program for the red-tailed black-cockatoo (Calyptorhynchus banksii) in the northern territory of Australia / (Registro nro. 109)
[ vista simple ]
| 000 -CABECERA | |
|---|---|
| Campo de control | 00834nam a2200217 i 4500 |
| 005 - FECHA Y HORA DE LA ULTIMA TRANSACCION | |
| Campo de control | 20200104041506.0 |
| 008 - ELEMENTOS DE LONGITUD FIJA—INFORMACION GENERAL | |
| Campo de control | 140114s1997 xxu|||| r|||| 00| 0 eng d |
| 040 ## - FUENTE DE CATALOGACIÓN | |
| Agencia catalogadora original | CO-BoIAVH |
| Agencia transcriptora | CO-BoIAVH |
| 041 ## - IDIOMA | |
| Código de idioma para texto/pista de sonido o título separado | Inglés |
| 044 ## - PAÍS DE PUBLICACIÓN | |
| País de publicación | Estados Unidos |
| 082 04 - NUMERO DE CLASIFICACION DECIMAL DEWEY | |
| Número de clasificación | 598.71 |
| Número del ítem | T81t |
| 245 02 - MENCION DE TITULO | |
| Título | A Trial management program for the red-tailed black-cockatoo (Calyptorhynchus banksii) in the northern territory of Australia / |
| Mención de responsabilidad | Parks adn Wildlife Commission of the Northern Territory. |
| 260 ## - PUBLICACION, DISTRIBUCION, ETC. (PIE DE IMPRENTA) | |
| Lugar de publicación, distribución, etc. | Sydney |
| Nombre del editor, distribuidor, etc. | Parks and Wildlife Commission |
| Fecha de publicación, distribución, etc. | 1997 |
| 300 ## - DESCRIPCION FISICA | |
| Extensión | 27 páginas ; |
| Dimensiones | 30 cm. |
| 650 14 - ASIENTO SECUNDARIO DE MATERIA - TERMINO TEMATICO | |
| Término temático o nombre geográfico como elemento de entrada | Cacatuas |
| Subdivisión general | Conservación |
| Subdivisión geográfica | Australia |
| 9 (RLIN) | 46490 |
| 650 26 - ASIENTO SECUNDARIO DE MATERIA - TERMINO TEMATICO | |
| Término temático o nombre geográfico como elemento de entrada | Psittaciformes |
| 9 (RLIN) | 46491 |
| 650 24 - ASIENTO SECUNDARIO DE MATERIA - TERMINO TEMATICO | |
| Término temático o nombre geográfico como elemento de entrada | Diversidad biológica |
| 9 (RLIN) | 46492 |
| 650 24 - ASIENTO SECUNDARIO DE MATERIA - TERMINO TEMATICO | |
| Término temático o nombre geográfico como elemento de entrada | Conservación biológica |
| 9 (RLIN) | 98 |
| 710 2# - ASIENTO SECUNDARIO - NOMBRE CORPORATIVO | |
| Nombre corporativo o de jurisdicción como elemento de entrada | Parks and Wildlife Commission of the Northern Territory |
| 9 (RLIN) | 3838 |
| 942 ## - ELEMENTOS ADICIONALES (KOHA) | |
| Tipo de ítem | Libro |
| Sistema de clasificación | Dewey Decimal Classification |
| Withdrawn status | Lost status | Sistema de Clasificación | Damaged status | No para préstamo | Colección | Inventariado | Ubicación Permanente | Ubicación actual | Fecha de adquisición | Fuente de Valor | Valor | Total Checkouts | Número topográfico | Inventario / Código de Barras | Date last seen | Ejemplar | Price effective from | Forma de adquisición | Tipo de material |
|---|---|---|---|---|---|---|---|---|---|---|---|---|---|---|---|---|---|---|---|
| Dewey Decimal Classification | General | Inventariado 2017 | Bogotá | Bogotá | 22/12/1997 | Instituto | 60000.00 | LB-598.71 T81t | 000136 | 04/12/2012 | Ej. 1 | 04/12/2012 | Libro |